Nottingham Forest's Insane Summer Transfer Window - Statistics

General Stats
  • This quiz has been taken 112 times
  • The average score is 12 of 21
Answer Stats
Last Club Fee (£) Player % Correct
Wolves 42 M Morgan Gibbs-White
89%
Liverpool 17 M Neco Williams
77%
Union Berlin 17 M Taiwo Awoniyi
76%
Manchester United Loan Dean Henderson
68%
Atletico Madrid Loan Renan Lodi
68%
Watford 20 M Emmanuel Dennis
66%
Manchester United Free Jesse Lingard
65%
Stuttgart 12.7 M Oriol Mangala
65%
Atalanta 8.1 M Remo Freuler
62%
Mainz 05 12.7 M Moussa Niakhate
61%
Bayern Munich 7.6 M Omar Richards
61%
Huddersfield 8.5 M Lewis O'Brien
57%
Huddersfield 2.2 M Harry Toffolo
56%
Troyes 5 M Giulian Biancone
49%
Villarreal Free Serge Aurier
49%
Crystal Palace Free Cheikhou Kouyate
48%
Burnley Free Wayne Hennessey
45%
Blackpool 2.1 M Josh Bowler
44%
Rennes Loan Loic Bade
39%
Bordeaux 3.6 M Hwang Ui-jo
36%
Sarajevo Free Adnan Kanuric
15%
No matching quizzes found
Score Distribution
Percent of People with Each Score
Percentile by Number Answered
Your Score History
You have not taken this quiz